[Event "US Open-112"]
[Site "Orlando"]
[Date "2011.08.03"]
[Round "3"]
[White "Esserman, Marc"]
[Black "Van Wely, Loek"]
[Result "1-0"]
[WhiteElo "2453"]
[BlackElo "2683"]
[PlyCount "51"]
[EventDate "2011.07.30"]
[EventType "swiss"]
[EventRounds "9"]
[EventCountry "USA"]
[SourceTitle "CBM 143 Extra"]
[Source "ChessBase"]
[SourceDate "2011.08.29"]
[SourceVersion "1"]
[SourceVersionDate "2011.08.29"]
[SourceQuality "1"]

1. e4 c5 2. d4 cxd4 3. c3 dxc3 4. Nxc3 Nc6 5. Nf3 e6 6. Bc4 a6 7. O-O Nge7 8. Bg5 f6 9. Be3 Ng6 10. Bb3 b5 11. Nd5 exd5 12. exd5 Nce5 13. d6 Bb7 14. Nxe5 fxe5 15. f4 Qf6 $146 ({RR} 15... exf4 16. Re1 fxe3 17. Rxe3+ Be7 18. Qd4 Qb8 19. dxe7 Qa7 20. Bf7+ Kxf7 21. e8=Q+ Rhxe8 22. Rf1+ Kg8 23. Qxa7 Rxe3 24. Qxe3 Bd5 25. Rd1 Be6 26. b3 Ne7 27. Rd6 h6 28. Qb6 Kf7 29. Qb7 Rc8 30. Qxa6 {Zakharov,V (2376)-Gusev,A (2383) Tula 2001 1-0 (44)}) ({RR} 15... e4 16. f5 Ne5 17. Qh5+ g6 18. fxg6 {1-0 (18) Domingo Nunez,A (2313)-Sroczynski,M (2266) chess.com INT 2023}) ({RR} 15... exf4 16. Re1 fxe3 17. Rxe3+ Be7 18. Qd4 Qc8 19. Rae1 Qc6 20. Rf3 Rf8 21. Rxe7+ Kd8 22. Rxf8+ Nxf8 23. Rxg7 Qc1+ 24. Kf2 Rc8 25. Rg8 Qh6 {½-½ (25) Reinwald,P (2198)-Cretnik,U (1953) Nova Gorica 2016}) 16. fxe5 Qxe5 17. Bg5 Be7 18. Bf7+ Kd8 19. dxe7+ Nxe7 20. Qd2 Kc8 21. Rac1+ Nc6 22. Rfd1 Qf5 23. Bf4 Qxf7 24. Qd6 Kd8 25. Rxc6 Bxc6 26. Qxc6 1-0

[Event "Titled Tuesday intern op 28th Apr"]
[Site "Chess.com INT"]
[Date "2020.04.28"]
[Round "2"]
[White "Asgarizadeh, Ahmad"]
[Black "Muha, Sergey"]
[Result "1-0"]
[WhiteElo "2452"]
[BlackElo "2222"]
[PlyCount "99"]
[EventDate "2020.04.28"]
[EventType "swiss (blitz)"]
[EventRounds "10"]
[EventCountry "USA"]
[SourceTitle "EXT 2021"]
[Source "ChessBase"]
[SourceDate "2020.10.23"]
[SourceVersion "1"]
[SourceVersionDate "2020.10.23"]
[SourceQuality "1"]

1. e4 c5 2. Nc3 e6 3. f4 d5 4. Nf3 d4 5. Bb5+ Bd7 6. Bxd7+ Nxd7 7. Ne2 Ngf6 8. d3 Be7 9. O-O O-O 10. Qe1 ({RR} 10. h3 Nb6 11. a4 a5 12. b3 Qc7 13. g4 Nfd7 14. Qe1 Rfe8 15. Bd2 Nc8 16. Kg2 b6 17. Qg3 Nf8 18. h4 f6 19. g5 fxg5 20. hxg5 Ng6 21. Rh1 Nf8 22. Ne5 g6 23. Rh6 Bd6 24. Ng4 Be7 {Lezcano,G (2007)-Nguyen My Hanh An (2023) chess.com INT 2025 1-0}) 10... Kh8 $146 ({RR} 10... Nb6 11. Qg3 Nh5 12. Qh3 g6 13. g4 Nf6 14. Ng5 h5 15. gxh5 Nxh5 16. Ng3 Bxg5 17. Nxh5 Bh4 18. Qg4 Kh7 19. Kh1 Rg8 20. Rg1 f5 21. Qf3 Qe7 22. Bd2 Kh8 23. Ng3 Rg7 24. Rae1 Qd7 25. Rg2 {Xu,C-Berdnyk,M Al Ain 2013 0-1 (82)}) 11. b3 Ng8 12. g4 f5 13. gxf5 exf5 14. e5 Re8 15. Ng3 g6 16. c3 Nf8 17. cxd4 cxd4 18. Bb2 Ne6 19. Ne2 Bc5 20. Rc1 Bb6 21. Qb4 Ne7 22. Qd6 Nd5 23. Nfxd4 Rc8 24. Rxc8 Qxc8 25. Qxd5 Qc2 26. Qd7 Rd8 27. Qxe6 Qxb2 28. Kh1 Qd2 29. Qf6+ Kg8 30. e6 Qe3 31. Qe5 Qxe5 32. fxe5 Bxd4 33. e7 Re8 34. Nxd4 Rxe7 35. Nf3 Rd7 36. d4 Kf7 37. Rd1 Ke6 38. Ng5+ Kd5 39. Kg2 h6 40. Nh3 g5 41. Nf2 Rc7 42. Rd2 Rc1 43. Nd3 Ra1 44. Nb4+ Ke6 45. Re2 a5 46. d5+ Ke7 47. Nd3 Rd1 48. d6+ Ke6 49. Nc5+ Kf7 50. e6+ 1-0

[Event "Saint Louis Winter-A"]
[Site "Saint Louis"]
[Date "2019.11.24"]
[Round "6"]
[White "Yoo, Christopher Woojin"]
[Black "Kevlishvili, Robby"]
[Result "1-0"]
[WhiteElo "2449"]
[BlackElo "2475"]
[PlyCount "83"]
[EventDate "2019.11.21"]
[EventType "tourn"]
[EventRounds "9"]
[EventCountry "USA"]
[EventCategory "9"]
[SourceTitle "EXT 2021"]
[Source "ChessBase"]
[SourceDate "2020.10.23"]
[SourceVersion "1"]
[SourceVersionDate "2020.10.23"]
[SourceQuality "1"]

1. e4 c5 2. d4 cxd4 3. c3 dxc3 4. Nxc3 Nc6 5. Nf3 e6 6. Bc4 a6 7. O-O b5 ({RR} 7... Qc7 8. Re1 d6 9. Bf4 Nf6 10. Rc1 Be7 11. e5 dxe5 12. Nxe5 Qd8 13. Qf3 Nxe5 14. Bxe5 O-O 15. Rcd1 Qb6 16. Qg3 Rd8 17. Rxd8+ Qxd8 18. Rd1 Qf8 19. Qf3 Nd7 20. Bg3 Ra7 21. a4 b6 22. Qc6 {Lenderman,A (2329)-Braylovsky,G (2327) New York 2005 1-0 (32)}) 8. Bd3 Nge7 ({RR} 8... Bb7 9. Qe2 Nge7 10. Bf4 Ng6 11. Bg3 Be7 12. Rfd1 O-O 13. Rac1 f6 14. h4 Nh8 15. h5 Nf7 16. Bb1 Rc8 17. Rd2 b4 18. Na4 Nd4 19. Qd1 Rxc1 20. Qxc1 Nxf3+ 21. gxf3 Ne5 22. Kg2 Bc6 23. Nc5 {Ocampos,I (2219)-Chiang,J (2006) chess.com INT 2025 0-1 (59)}) 9. Be3 $146 ({RR} 9. Bf4 Ng6 10. Bg3 Be7 11. a4 bxa4 12. Qxa4 O-O 13. Bb5 Bb7 14. Bd3 Qb6 15. Rfd1 Rfd8 16. Ne2 Rac8 17. Rac1 d5 18. e5 Nb4 19. Bxg6 hxg6 20. Qb3 a5 21. Ned4 Ba6 22. h4 Rc4 23. Rc3 Bc5 {Deepak Ambattu,R (1285)-Jakhria,K (1069) Milton Keynes 2021 0-1 (46)}) ({RR} 9. Bf4 Ng6 10. Bg3 Be7 11. a4 bxa4 12. Qxa4 O-O 13. Bb5 Bb7 14. Bd3 Qb6 15. Rfd1 Rfd8 16. Ne2 Rac8 17. Rac1 d5 18. e5 Nb4 19. Bxg6 hxg6 20. Qb3 a5 21. Ned4 Ba6 22. h4 Rc4 23. Rc3 Bc5 {Deepak Ambattu,R (1285)-Jakhria,K (1069) Milton Keynes 2021 0-1 (46)}) 9... Ng6 10. a4 b4 11. Nd5 Rb8 12. a5 exd5 13. exd5 Nce5 14. Bxg6 hxg6 15. Nxe5 Bd6 16. f4 O-O 17. Bb6 Qe7 18. Nc4 Bc5+ 19. Kh1 d6 20. Re1 Qf6 21. Bxc5 dxc5 22. Qd2 Rd8 23. Re5 Bd7 24. Nb6 Bb5 25. Rc1 Qd6 26. Qe3 c4 27. Nxc4 Bxc4 28. Rxc4 Qd7 29. Rc5 Qa4 30. h3 Qa1+ 31. Qc1 Qxc1+ 32. Rxc1 g5 33. Rc6 gxf4 34. d6 Rd7 35. Rxa6 Rc8 36. Rb6 Rc1+ 37. Kh2 f3 38. gxf3 Rc2+ 39. Kg3 Rxb2 40. a6 Ra2 41. Re7 Rd8 42. a7 1-0

[Event "Gibraltar Masters 16th"]
[Site "Caleta"]
[Date "2018.01.25"]
[Round "3"]
[White "Esserman, Marc"]
[Black "Midonet, Matthieu"]
[Result "1-0"]
[WhiteElo "2446"]
[BlackElo "2213"]
[PlyCount "79"]
[EventDate "2018.01.23"]
[EventType "swiss"]
[EventRounds "10"]
[EventCountry "GGB"]
[SourceTitle "CBM 183"]
[Source "ChessBase"]
[SourceDate "2018.03.14"]
[SourceVersion "1"]
[SourceVersionDate "2018.03.14"]
[SourceQuality "1"]

1. e4 c5 2. d4 cxd4 3. c3 dxc3 4. Nxc3 Nc6 5. Nf3 d6 6. Bc4 e6 7. O-O Be7 8. Qe2 Nf6 9. Rd1 e5 10. Be3 O-O 11. Rac1 Be6 12. b4 Ng4 13. Bd2 Nxb4 14. Bxe6 fxe6 15. Qc4 d5 16. exd5 Nxf2 17. Kxf2 exd5 18. Nxd5 Nxd5 19. Be3 Rc8 20. Qxc8 $146 ({RR} 20. Rxd5 Rxc4 21. Rxd8 Bh4+ 22. Ke2 {1-0 (22) Suominen,A (2024)-Tumanov,D (1961) Helsinki 2014}) 20... Qxc8 21. Rxc8 Rxc8 22. Rxd5 e4 23. Nd4 Rc4 24. Ne2 Ra4 25. Rd7 Bh4+ 26. g3 Bf6 27. Rxb7 Rxa2 28. Rxa7 Rc2 29. Ra4 g5 30. g4 Kf7 31. Rxe4 Kg6 32. Re6 Kf7 33. Ra6 Rc4 34. Kf3 h5 35. gxh5 Rh4 36. Ng3 Rxh2 37. Kg4 Be5 38. Ne4 Rg2+ 39. Kf5 Bf4 40. Ra7+ 1-0

[Event "Titled Tue 12th Mar Early"]
[Site "chess.com INT"]
[Date "2024.03.12"]
[Round "5"]
[White "Taher, Yoseph Theolifus"]
[Black "Lazavik, Denis"]
[Result "1-0"]
[WhiteElo "2445"]
[BlackElo "2567"]
[PlyCount "205"]
[EventDate "2024.03.12"]

1. e4 c5 2. Nc3 e6 3. f4 d5 4. Nf3 dxe4 5. Nxe4 Be7 6. g3 Nf6 7. Qe2 ({RR} 7. d3 b6 8. Bg2 Bb7 9. Nxf6+ Bxf6 10. O-O O-O 11. Rb1 Qc7 12. Qe2 Nc6 13. Be3 Nd4 14. Qf2 Rad8 15. Rfd1 Nf5 16. Bd2 h5 17. Bc3 Bd4 18. Bxd4 cxd4 19. Rdc1 Rd6 20. c3 dxc3 21. Rxc3 Qd8 {Nguyen Hong Nhung (2003)-Grigoriants,S (2572) chess.com INT 2023 0-1}) 7... O-O 8. Bg2 Nc6 9. c3 Bd7 $146 ({RR} 9... Qc7 10. O-O b6 11. Nf2 Bb7 12. d3 Rad8 13. Be3 Rfe8 14. Rad1 Bf8 15. Qc2 e5 16. Bc1 Nd5 17. f5 Qd7 18. Ne4 f6 19. Nh4 Qf7 20. a3 Rd7 21. Bf3 Red8 22. Qe2 Nde7 23. g4 Ba6 24. Nf2 {Maahs,E (2168)-Souleidis,G (2427) Hamburg 2009 ½-½ (51)}) 10. d3 Rc8 11. O-O b6 12. Rd1 Qc7 13. Be3 Rfd8 14. Kh1 Be8 15. Bg1 h6 16. Rd2 Nxe4 17. dxe4 Rxd2 18. Nxd2 Rd8 19. Rd1 Qd7 20. Bf3 Na5 21. Nb1 Qc7 22. Rxd8 Qxd8 23. Kg2 Bc6 24. Nd2 Qd7 25. e5 Bxf3+ 26. Nxf3 Qd5 27. b3 c4 28. b4 Nc6 29. Qd2 Qxd2+ 30. Nxd2 b5 31. a3 Kf8 32. Kf3 Ke8 33. Ne4 f5 34. Nc5 Bxc5 35. Bxc5 a6 36. h4 Kf7 37. Bd6 Kg6 38. Bc5 Kh5 39. Bd6 g5 40. hxg5 hxg5 41. Bc5 gxf4 42. gxf4 Kh4 43. Bf2+ Kh3 44. Bc5 Nb8 45. Ba7 Nd7 46. Bc5 Nb8 47. Ba7 Nc6 48. Bc5 Nd8 49. Be7 Nf7 50. Bg5 Kh2 51. Kf2 Nh8 52. Bh4 Ng6 53. Bg5 Kh3 54. Kf3 Nh4+ 55. Ke3 Ng2+ 56. Kd4 Kg4 57. Kc5 Ne3 58. Kd6 Nd5 59. Kxe6 Nxc3 60. Kd7 Ne4 61. e6 c3 62. e7 c2 63. e8=Q c1=Q 64. Qg8 Qc4 65. Qg7 Qd5+ 66. Kc7 Kf3 67. Kb6 Qd6+ 68. Kb7 Qe6 69. Bd8 Nd6+ 70. Ka7 Qc8 71. Bb6 Nc4 72. Bc5 Qc6 73. Qd4 Kg4 74. a4 Kf3 75. a5 Kg4 76. Qg7+ Kxf4 77. Qd4+ Kf3 78. Qd3+ Kg4 79. Qd4+ f4 80. Qg7+ Kf3 81. Qd4 Ne3 82. Bb6 Nd5 83. Qd3+ Kg4 84. Qd4 Kf5 85. Qd3+ Kg4 86. Qd4 Kf5 87. Qd3+ Kg5 88. Qd4 f3 89. Qg1+ Kf4 90. Qd4+ Kf5 91. Qd3+ Kg4 92. Qd4+ Nf4 93. Qg1+ Kf5 94. Kxa6 Nd5 95. Qc5 Qa8+ 96. Kxb5 Kg4 97. a6 Qe8+ 98. Ka5 Nf6 99. a7 Ne4 100. Qd4 Kf4 101. Qd5 f2 102. Bxf2 Nxf2 103. a8=Q 1-0

[Event "Titled Tuesday intern op 08th Mar Early"]
[Site "Chess.com INT"]
[Date "2022.03.08"]
[Round "4"]
[White "Shyam, Nikil P"]
[Black "Eynullayev, Atilla Elshan"]
[Result "1-0"]
[WhiteElo "2442"]
[BlackElo "2333"]
[PlyCount "87"]
[EventDate "2022.03.08"]
[EventType "swiss (blitz)"]
[EventRounds "11"]
[EventCountry "USA"]
[SourceTitle "CBM 207 Extra"]
[Source "ChessBase"]
[SourceDate "2022.05.31"]
[SourceVersion "1"]
[SourceVersionDate "2022.05.31"]
[SourceQuality "1"]

1. e4 c5 2. Nc3 e6 3. f4 d5 4. Nf3 dxe4 5. Nxe4 Nf6 6. Bb5+ Bd7 7. Nxf6+ Qxf6 8. Qe2 ({RR} 8. Bxd7+ Nxd7 9. d3 Bd6 10. O-O Bxf4 11. g3 Bxc1 12. Qxc1 O-O 13. c3 Ne5 14. Qe3 Nxf3+ 15. Rxf3 Qe7 16. Raf1 Rad8 17. Qe4 b6 18. a4 Qg5 19. R1f2 Qd5 20. Qf4 f6 21. a5 bxa5 22. Qc7 Rd7 {Nithyalakshmi,S (1938)-Williams,O (1981) chess.com INT 2024 0-1 (37)}) 8... a6 9. Bxd7+ Nxd7 10. Ne5 $146 ({RR} 10. d3 Bd6 11. g3 O-O 12. O-O Rae8 13. Nd2 Qe7 14. b3 e5 15. f5 b5 16. Ne4 Nf6 17. Bg5 Kh8 18. Bxf6 gxf6 19. Qh5 Bc7 20. Qh6 Bd8 21. c4 Rg8 22. Qe3 Bb6 23. Kg2 Rd8 24. Rad1 Rd4 {Panko,R (2044)-Goldie,T (2077) Tornelo INT 2021 0-1 (41)}) 10... Nxe5 11. fxe5 Qh4+ 12. g3 Qd4 13. Rf1 Be7 14. Rf4 Qd5 15. c4 Qc6 16. Qf3 Qxf3 17. Rxf3 f5 18. exf6 Bxf6 19. Rb1 a5 20. Ke2 O-O-O 21. d3 Bd4 22. Bd2 b6 23. b3 Rhf8 24. Rbf1 Rxf3 25. Rxf3 Bf6 26. Re3 Kd7 27. Re4 Bd4 28. Rf4 Ke7 29. a4 Rf8 30. Rxf8 Kxf8 31. Kf3 Ke7 32. Ke4 Kd7 33. Bf4 Bf6 34. g4 g6 35. Be5 Bh4 36. d4 Be7 37. d5 exd5+ 38. Kxd5 Bd8 39. Bg3 Bg5 40. h4 Bd8 41. g5 Be7 42. Be5 Bd8 43. Bd6 Kc8 44. Kc6 1-0

[Event "Titled Tuesday intern op 19th May"]
[Site "Chess.com INT"]
[Date "2020.05.19"]
[Round "10"]
[White "Zubritskiy, Artyom"]
[Black "Sanchez Alvarez, Kelvin Antonio"]
[Result "1-0"]
[WhiteElo "2442"]
[BlackElo "2250"]
[PlyCount "45"]
[EventDate "2020.05.19"]
[EventType "swiss (blitz)"]
[EventRounds "10"]
[EventCountry "USA"]
[SourceTitle "EXT 2021"]
[Source "ChessBase"]
[SourceDate "2020.10.23"]
[SourceVersion "1"]
[SourceVersionDate "2020.10.23"]
[SourceQuality "1"]

1. e4 c5 2. d4 cxd4 3. c3 dxc3 4. Nxc3 e6 5. Nf3 a6 6. Bc4 b5 7. Bb3 Bb7 8. O-O d6 ({RR} 8... b4 9. Na4 Bxe4 10. Re1 Nf6 11. Be3 Nc6 12. Nd2 Bd5 13. Nb6 Bxb3 14. axb3 Rb8 15. Rxa6 Be7 16. Qc2 O-O 17. Nxd7 Nxd7 18. Qxc6 Ne5 19. Qe4 Nd3 20. Rea1 Bf6 21. Nc4 Qd5 22. Qxd5 exd5 23. Nb6 {Pliester,L (2370)-Van der Wiel,J (2530) Ostend 1983 0-1}) 9. Bf4 ({RR} 9. Ng5 Nd7 10. f4 Be7 11. f5 Bxg5 12. fxe6 fxe6 13. Qh5+ g6 14. Qxg5 Qxg5 15. Bxg5 Nc5 16. Rad1 h6 17. Bf6 Nxf6 18. Rxf6 Ke7 19. Rdf1 Raf8 20. Rxg6 Rxf1+ 21. Kxf1 Kf7 22. Rg4 b4 23. Na4 Nxb3 {Sonne,L (1929)-Vroombout,E (2161) Reykjavik ISL 2025 0-1 (44)}) 9... Nc6 $146 ({RR} 9... Nf6 10. Qe2 Nbd7 11. Rfd1 b4 12. Ng5 Be7 13. Nxf7 Kxf7 14. Bxe6+ Kxe6 15. Qc4+ d5 16. exd5+ Kf7 17. d6+ Kf8 18. Re1 bxc3 19. dxe7+ Qxe7 20. Rxe7 Kxe7 21. Qb4+ Kf7 22. Qxb7 cxb2 23. Qb3+ Kg6 24. Qxb2 {Senft,S (2039)-Bruned,Y (2286) Chess.com INT 2020 1-0 (44)}) 10. Qe2 Qb6 11. Rfd1 Rd8 12. Nd5 exd5 13. exd5+ Nce7 14. Re1 Rd7 15. a4 h6 16. Be3 Qd8 17. axb5 axb5 18. Qxb5 Nf6 19. Bb6 Qb8 20. Nd4 Bxd5 21. Nc6 Bxc6 22. Qxc6 Qb7 23. Ra8+ 1-0

[Event "Titled Tue 23rd Jul Early"]
[Site "chess.com INT"]
[Date "2024.07.23"]
[Round "2"]
[White "Domingo Nunez, Ruben"]
[Black "Decker, Thomas"]
[Result "1-0"]
[WhiteElo "2438"]
[BlackElo "2300"]
[PlyCount "117"]
[EventDate "2024.07.23"]

1. e4 c5 2. d4 cxd4 3. c3 dxc3 4. Nxc3 Nc6 5. Nf3 d6 6. Bc4 a6 7. O-O Nf6 8. h3 e6 9. Qe2 Bd7 ({RR} 9... b5 10. Bb3 Bb7 11. Rd1 Qb8 12. Bf4 Nd7 13. Rd2 Be7 14. Bxd6 Bxd6 15. Rad1 Bf4 16. Rxd7 Bc8 17. R7d3 O-O 18. Bc2 h6 19. e5 Bb7 20. Rd7 Nxe5 21. Rxb7 Qxb7 22. Nxe5 Bxe5 23. Qxe5 Rad8 24. Rd6 {Mosadeghpour,M (2475)-Grigoryan,K (2602) Mashhad 2016 0-1 (49)}) ({RR} 9... Qc7 10. Be3 Be7 11. Rac1 Bd7 12. Bb3 Rb8 13. Rfd1 Qa5 14. Bf4 e5 15. Bg5 Be6 16. Bxf6 Bxb3 17. axb3 Bxf6 18. Rxd6 Qc5 19. Rdd1 O-O 20. Nd5 Qd6 21. g4 Bd8 22. Qe3 Qe6 23. Kg2 h5 24. g5 {Conde Mares,V (1888)-Hernandez Diaz,P (2014) Oaxtepec MEX 2025 0-1 (46)}) 10. Rd1 Be7 11. Bf4 Qb8 12. Rac1 $146 ({RR} 12. a3 O-O 13. b4 b5 14. Bb3 Rd8 15. Rd2 Bc8 16. Rad1 Bb7 17. Nh2 Ne5 18. Bg3 Ng6 19. Ng4 Nxg4 20. Qxg4 Qc7 21. Ne2 Qc6 22. f3 Ne5 23. Bxe5 dxe5 24. Qg3 Qb6+ 25. Kh1 Bf6 26. Qe1 Rxd2 {Mai,F (1638)-Heyne,J (1546) Rotenburg 2008 0-1 (54)}) 12... Ne5 13. Bb3 Bc6 14. Nd4 Bd7 15. Bg3 O-O 16. f4 Nc6 17. e5 Ne8 18. Nxc6 Bxc6 19. f5 d5 20. Qg4 Bc5+ 21. Kh2 Ba7 22. fxe6 fxe6 23. Qxe6+ Kh8 24. Nxd5 Nc7 25. Nxc7 Qxc7 26. Bd5 Bxd5 27. Qxd5 Qb6 28. b3 Rae8 29. Re1 Re6 30. Rc7 Rc6 31. Rxc6 bxc6 32. Qd6 Rd8 33. Rf1 h6 34. Qe7 Kh7 35. Bf2 c5 36. b4 Bb8 37. Bxc5 Qc7 38. Qxc7 Bxc7 39. Re1 Rd5 40. Bd6 Bxd6 41. exd6 Rxd6 42. Re5 Rd2 43. Ra5 Rd6 44. Kg3 Kg6 45. Kf4 Kf6 46. Ke4 Ke6 47. Re5+ Kf6 48. Ra5 Ke6 49. a4 Rb6 50. b5 axb5 51. axb5 Kf7 52. Kd5 Rg6 53. Ra2 Rg3 54. b6 Rb3 55. Kc6 Ke6 56. Re2+ Kf5 57. b7 g5 58. Kc7 h5 59. b8=Q 1-0

[Event "Titled Tue 16th May Early"]
[Site "chess.com INT"]
[Date "2023.05.16"]
[Round "7"]
[White "Weishaeutel, Moritz"]
[Black "Rios Escobar, A.."]
[Result "1-0"]
[WhiteElo "2438"]
[BlackElo "2234"]
[PlyCount "61"]
[EventDate "2023.05.16"]

1. e4 c5 2. d4 cxd4 3. c3 dxc3 4. Nxc3 d6 5. Nf3 a6 6. Bc4 Nc6 7. O-O Nf6 8. Bf4 Bg4 9. h3 Bxf3 10. Qxf3 e6 11. Rfd1 Qb8 12. Be2 Be7 ({RR} 12... Ne5 13. Qg3 h5 14. Rac1 h4 15. Qe3 b5 16. a4 Nc4 17. Qf3 Be7 18. axb5 axb5 19. Nxb5 Qxb5 20. Bxc4 Qb7 21. Bxd6 Bxd6 22. Rxd6 O-O 23. b3 Qxe4 24. Qxe4 Nxe4 25. Rd4 Nc5 26. Rxh4 Rfb8 27. Rc3 {Weishaeutel,M (2389)-Le,Q (2731) chess.com INT 2024 ½-½ (101)}) 13. Qg3 e5 ({RR} 13... O-O 14. Rxd6 Bxd6 15. Bxd6 Qa7 16. Bxf8 Rxf8 17. Rd1 Qb8 18. Qxb8 Rxb8 19. f3 Kf8 20. Kf2 Ke7 21. Ke3 g5 22. g3 Rg8 23. Na4 Nd7 24. Rc1 Kd6 25. Rd1+ Ke7 26. Rc1 Kd6 27. Rd1+ Ke5 {½-½ (27) Jakobeit,D (2243)-Plischki,S (2323) Verden an der Aller GER 2025}) ({RR} 13... O-O 14. Rxd6 e5 15. Bh6 g6 16. Rd2 Rd8 17. Rxd8+ Qxd8 18. Rd1 Qe8 19. Nd5 Rd8 20. Bc4 Nxd5 21. Bxd5 Bf8 22. Bg5 Be7 23. Be3 Kg7 24. Rc1 Bf6 25. Bxc6 bxc6 26. Bg5 Bxg5 27. Qxg5 Rd4 28. f3 {Weishaeutel,M (2389)-Corrales Jimenez,F (2545) chess.com INT 2024 0-1 (36)}) 14. Bg5 $146 ({RR} 14. Be3 O-O 15. Bh6 Ne8 16. Nd5 Kh8 17. Be3 Bd8 18. Nb6 Bxb6 19. Bxb6 Nf6 20. Qd3 Nd7 21. Be3 Nc5 22. Qxd6 Nxe4 23. Qxb8 Raxb8 24. Bf3 Nf6 25. Bc5 Rfe8 26. g4 h6 27. Rac1 Rbc8 28. Re1 e4 {Khamenya,V (1832)-Ziegenfuss,A (1937) Willingen 2018 0-1 (55)}) 14... Nd4 15. Bf1 Qd8 16. Rac1 O-O 17. Bh6 Ne6 18. Bc4 Nh5 19. Qg4 Nhf4 20. g3 Kh8 21. Bxf4 exf4 22. gxf4 b5 23. Bd5 Rc8 24. f5 Nc5 25. e5 dxe5 26. Bb7 Qc7 27. Bxc8 Rxc8 28. Nd5 Qb7 29. Nxe7 Qxe7 30. f6 Rg8 31. fxe7 1-0

[Event "Wch U20 55th"]
[Site "Bhubaneswar"]
[Date "2016.08.11"]
[Round "4"]
[White "Mosadeghpour, Masoud"]
[Black "Alekseenko, Kirill"]
[Result "1-0"]
[WhiteElo "2437"]
[BlackElo "2582"]
[PlyCount "85"]
[EventDate "2016.08.08"]
[EventType "swiss"]
[EventRounds "13"]
[EventCountry "IND"]
[SourceTitle "CBM 173 Extra"]
[Source "ChessBase"]
[SourceDate "2016.08.29"]
[SourceVersion "1"]
[SourceVersionDate "2016.08.29"]
[SourceQuality "1"]

1. e4 c5 2. d4 cxd4 3. c3 dxc3 4. Nxc3 Nc6 5. Nf3 e6 6. Bc4 a6 7. O-O Nge7 8. Bg5 h6 9. Be3 b5 10. Bb3 Bb7 11. Re1 Na5 12. Ne5 Nxb3 13. Bb6 Qc8 14. Qf3 Nf5 15. Qh5 ({RR} 15. axb3 Bd6 16. Qg4 h5 17. Qh3 Ne7 18. Nd3 Ng6 19. Rac1 Qb8 20. Bd4 f6 21. Bc5 Bc6 22. Rcd1 Kf7 23. Bxd6 Qxd6 24. e5 Qc7 25. Ne4 Bxe4 26. Rxe4 Rac8 27. Qf3 Qb7 28. Qe3 Ne7 29. h3 Nf5 {Zelic,M (2170)-Kurajica,B (2392) Veli Losinj CRO 2024 ½-½ (32)}) 15... g6 16. Nxg6 Ng7 17. Qg4 fxg6 $146 ({RR} 17... Nxa1 18. Nxh8 d6 19. Qf4 Qd7 20. Rxa1 b4 21. Ne2 e5 22. Qxh6 Bxe4 23. Ng3 Nf5 24. Nxe4 Nxh6 25. Nf6+ Ke7 26. Nxd7 Kxd7 27. Rc1 Be7 28. Nxf7 Nxf7 29. Rc7+ Ke6 30. Be3 d5 31. f4 Bd6 32. f5+ {Hng,M (2071)-Goriatchkin,J (2325) Caleta 2019 0-1 (43)}) 18. Qxg6+ Ke7 19. e5 Nh5 20. axb3 Qc6 21. Ba5 Qxg2+ 22. Qxg2 Bxg2 23. Kxg2 Ke8 24. Re4 Be7 25. Bb6 b4 26. Nb5 Kf7 27. Nc7 Rab8 28. Be3 Rbc8 29. Nxa6 Rc2 30. Rd4 Bg5 31. Rxd7+ Kg6 32. Nxb4 Rxb2 33. Nd3 Rxb3 34. Nc5 Rb6 35. Raa7 Bxe3 36. fxe3 Rb2+ 37. Kf3 Re8 38. Ra6 Ng7 39. Nd3 Rf8+ 40. Nf4+ Rxf4+ 41. exf4 Rb3+ 42. Ke4 Rb4+ 43. Rd4 1-0

[Event "Kaupthing op"]
[Site "Differdange"]
[Date "2008.05.10"]
[Round "3"]
[White "Thorhallsson, Throstur"]
[Black "Gretarsson, Hjorvar Steinn"]
[Result "1-0"]
[WhiteElo "2437"]
[BlackElo "2291"]
[PlyCount "49"]
[EventDate "2008.05.10"]
[EventType "swiss"]
[EventRounds "9"]
[EventCountry "LUX"]
[SourceTitle "CBM 124 Extra"]
[Source "ChessBase"]
[SourceDate "2008.07.03"]
[SourceVersion "1"]
[SourceVersionDate "2008.07.03"]
[SourceQuality "1"]

1. e4 c5 2. Nc3 e6 3. f4 d5 4. Nf3 dxe4 5. Nxe4 Nf6 6. Nxf6+ Qxf6 7. g3 ({RR} 7. Ne5 Qxf4 8. Bb5+ Bd7 9. Qe2 Bxb5 10. Qxb5+ Nc6 11. Qxb7 Qxe5+ 12. Kd1 Qh5+ 13. Ke1 Qe5+ 14. Kd1 Qh5+ 15. Ke1 Qh4+ 16. Kf1 Qf4+ 17. Kg1 Qd4+ 18. Kf1 Qf4+ 19. Kg1 Qd4+ 20. Kf1 Qd7 21. Qxa8+ Ke7 {Wahls,M (2520)-Lutz,C (2595) Germany 1994 0-1}) 7... Nc6 ({RR} 7... Bd7 8. Ne5 Bc6 9. Nxc6 Nxc6 10. Bg2 g6 11. O-O Bg7 12. Rb1 O-O 13. d3 Rfd8 14. Qf3 c4 15. dxc4 Qd4+ 16. Be3 Qxc4 17. c3 Qxa2 18. Qe2 Qb3 19. h4 Ne7 20. Bf2 Rd7 21. Rfd1 Rad8 22. Rxd7 {Janaszak,D (2306)-Amburgy,R (2293) chess.com INT 2025 1-0 (81)}) 8. Bg2 Be7 9. O-O h5 $146 ({RR} 9... O-O 10. d3 e5 11. fxe5 Nxe5 12. Nxe5 Qxe5 13. c3 Qc7 14. Qh5 Bd7 15. Be4 g6 16. Qh6 Bc6 17. Bf4 Bd6 18. Bxd6 Qxd6 19. Rf4 f5 20. Bxf5 Rae8 21. Raf1 Rf6 22. Be4 Rxf4 23. Qxf4 Qxf4 24. Rxf4 {Graif,W (2305)-Nikologorsky,M (2182) chess.com INT 2023 ½-½ (40)}) ({RR} 9... O-O 10. Re1 Bd7 11. Ne5 Rfd8 12. b3 Rab8 13. Bb2 Nd4 14. c3 Nc6 15. Qe2 Nxe5 16. fxe5 Qg5 17. d3 Bc6 18. Bxc6 bxc6 19. Rad1 Qg6 20. Qe4 Rd5 21. c4 Qxe4 22. Rxe4 Rd7 23. Bc3 Rbd8 24. Re3 {Li,H (2300)-Pal,R (1960) Dublin IRL 2024 ½-½ (59)}) 10. c3 Bd7 11. d3 Rd8 12. Qe2 Qg6 13. Be3 h4 14. gxh4 Qh5 15. Bf2 g6 16. Qe3 O-O 17. Ng5 Rde8 18. Rac1 b6 19. Qg3 Rd8 20. Bf3 Qh6 21. f5 gxf5 22. Nxe6+ Kh8 23. Nxf8 Rxf8 24. Qc7 Rg8+ 25. Kh1 1-0

[Event "Dos Hermanas Internet qual-C 10th"]
[Site "ICC INT"]
[Date "2009.03.14"]
[Round "6"]
[White "Barbosa, Oliver"]
[Black "Granero Roca, Antonio"]
[Result "1-0"]
[WhiteElo "2435"]
[BlackElo "2385"]
[PlyCount "71"]
[EventDate "2009.03.14"]
[EventType "swiss (blitz)"]
[EventRounds "12"]
[EventCountry "ESP"]
[SourceTitle "CBM 129 Extra"]
[Source "ChessBase"]
[SourceDate "2009.05.05"]
[SourceVersion "2"]
[SourceVersionDate "2009.05.20"]
[SourceQuality "1"]

1. e4 c5 2. Nc3 Nc6 3. Bb5 g6 4. Bxc6 dxc6 5. d3 Bg7 6. f4 Nf6 7. Nf3 O-O 8. O-O Bg4 9. Kh1 ({RR} 9. h3 Bxf3 10. Qxf3 Nd7 11. Kh1 a5 12. Bd2 a4 13. Rae1 b5 14. e5 Rc8 15. e6 fxe6 16. Rxe6 Rf6 17. Rfe1 Bf8 18. Qg4 Nb6 19. Ne4 Rf5 20. Rxg6+ hxg6 21. Qxg6+ Kh8 22. Qxf5 Qd5 23. Qg6 Qg8 {Sanal,V (2601)-Zakhartsov,V (2505) Chess.com INT 2022 1-0}) ({RR} 9. h3 Bxf3 10. Qxf3 Nd7 11. Be3 b6 12. Rae1 Qc7 13. e5 Rad8 14. Ne4 Rfe8 15. Kh1 Nf8 16. f5 Qxe5 17. fxg6 fxg6 18. Qf7+ Kh8 19. Bg5 Qd5 20. Bxe7 Qxf7 21. Rxf7 Rc8 22. Nd6 Bxb2 23. Nxc8 Rxc8 {Kravtsiv,M (2598)-Skytte,R (2332) chess.com INT 2025 1-0 (60)}) 9... Nd7 $146 ({RR} 9... b5 10. Qe1 Bxf3 11. Rxf3 e6 12. Be3 Nd7 13. Rd1 f5 14. e5 Qe7 15. Nb1 Rfd8 16. Bf2 Qe8 17. Nd2 Bf8 18. Bh4 Be7 19. Rh3 Nf8 20. Nb3 Rd5 21. Bxe7 Qxe7 22. c4 bxc4 23. dxc4 Rxd1 24. Qxd1 {Barbosa,O (2433)-Ansari,M (2247) Bandar Seri Begawan 2010 1-0}) 10. Bd2 e6 11. h3 Bxf3 12. Qxf3 c4 13. Rad1 cxd3 14. cxd3 Qb6 15. Bc1 Rad8 16. f5 exf5 17. exf5 Ne5 18. Qg3 Qd4 19. Be3 Qd6 20. Ne4 Qd5 21. f6 Bh8 22. Bc5 Rfe8 23. Be7 Rd7 24. Qh4 h5 25. Nc5 Rc7 26. Qf4 b6 27. d4 bxc5 28. dxe5 Qe6 29. Rd6 Qxa2 30. e6 Rb7 31. Qg5 Kh7 32. Rd7 Rxb2 33. exf7 Qxf7 34. Rc7 Qc4 35. Bd6+ Kg8 36. Qxg6+ 1-0